Statistics for Disney Heroes

Click here to take the quiz!

General Stats

  • This quiz has been taken 3,273 times
    (2,426 since last reset)
  • The average score is 20 of 25

Answer Stats

Character Film % Correct
Peter PanPeter Pan
93%
Robin HoodRobin Hood
91%
BambiBambi
91%
WoodyToy Story
91%
AladdinAladdin
90%
HerculesHercules
90%
TarzanTarzan
90%
Buzz LightyearToy Story
90%
BeastBeauty and the Beast
89%
SimbaThe Lion King
89%
Li ShangMulan
89%
Mr.IncredibleThe Incredibles
88%
TrampLady and the Tramp
87%
StitchLilo and Stitch
87%
John SmithPocahontas
85%
Prince EricThe Little Mermaid
82%
SulleyMonsters Inc
80%
Jack SkellingtonThe Nightmare Before Christmas
77%
Prince PhillipSleeping Beauty
76%
QuasimodoThe Hunchback of Notre Dame
76%
Pongo101 Dalmatians
68%
MarlinFinding Nemo
65%
FlikA Bug's Life
56%
Mickey MouseFantasia
51%
Jim HawkinsTreasure Planet
41%

Score Distribution

Percentile by Number Answered

Percent of People with Each Score

Your Score History

You have not taken this quiz since the last reset